The bilingual brain : (Record no. 559)

MARC details
000 -LEADER
fixed length control field 01334cam a2200385 i 4500
005 - DATE AND TIME OF LATEST TRANSACTION
control field 20260322212025.0
008 - FIXED-LENGTH DATA ELEMENTS--GENERAL INFORMATION
fixed length control field data
010 ## - LIBRARY OF CONGRESS CONTROL NUMBER
LC control number 78051243
020 ## - INTERNATIONAL STANDARD BOOK NUMBER
International Standard Book Number 0120487500
020 ## - INTERNATIONAL STANDARD BOOK NUMBER
International Standard Book Number 9780120487509
040 ## - CATALOGING SOURCE
Modifying agency CtY-M
050 0# - LIBRARY OF CONGRESS CALL NUMBER
Classification number RC425
Item number .A43
060 ## - NATIONAL LIBRARY OF MEDICINE CALL NUMBER
Classification number WL335 A333b
096 ## - LOCALLY ASSIGNED NLM-TYPE CALL NUMBER (OCLC)
Classification number WL 335 A333b 1978
001 - CONTROL NUMBER
control field data
100 1# - MAIN ENTRY--PERSONAL NAME
Personal name Albert, Martin L.,
Dates associated with a name 1939-
245 14 - TITLE STATEMENT
Title The bilingual brain :
Remainder of title neuropsychological and neurolinguistic aspects of bilingualism /
Statement of responsibility, etc. Martin L. Albert & Loraine K. Obler.
260 0# - PUBLICATION, DISTRIBUTION, ETC.
Place of publication, distribution, etc. New York :
Name of publisher, distributor, etc. Academic Press,
Date of publication, distribution, etc. 1978.
300 ## - PHYSICAL DESCRIPTION
Extent xi, 302 p. ;
Dimensions 24 cm.
490 0# - SERIES STATEMENT
Series statement Perspectives in neurolinguistics and psycholinguistics
500 ## - GENERAL NOTE
General note Includes indexes.
504 ## - BIBLIOGRAPHY, ETC. NOTE
Bibliography, etc. note Bibliography: p. 255-275.
590 ## - LOCAL NOTE (RLIN)
Local note Bibliography: p. 255-275.
590 ## - LOCAL NOTE (RLIN)
Local note Includes indexes.
650 #0 - SUBJECT ADDED ENTRY--TOPICAL TERM
Topical term or geographic name entry element Aphasia.
650 #0 - SUBJECT ADDED ENTRY--TOPICAL TERM
Topical term or geographic name entry element Bilingualism
General subdivision Physiological aspects.
650 #0 - SUBJECT ADDED ENTRY--TOPICAL TERM
Topical term or geographic name entry element Bilingualism
General subdivision Psychological aspects.
650 #0 - SUBJECT ADDED ENTRY--TOPICAL TERM
Topical term or geographic name entry element Brain
General subdivision Localization of functions.
650 #2 - SUBJECT ADDED ENTRY--TOPICAL TERM
Topical term or geographic name entry element Language Development.
650 #2 - SUBJECT ADDED ENTRY--TOPICAL TERM
Topical term or geographic name entry element Brain
General subdivision physiology.
650 #2 - SUBJECT ADDED ENTRY--TOPICAL TERM
Topical term or geographic name entry element Neurophysiology.
650 #2 - SUBJECT ADDED ENTRY--TOPICAL TERM
Topical term or geographic name entry element Psycholinguistics.
700 1# - ADDED ENTRY--PERSONAL NAME
Personal name Obler, Loraine K.
856 40 - ELECTRONIC LOCATION AND ACCESS
Uniform Resource Identifier <a href="https://openlibrary.org/works/OL6811401W/The_bilingual_brain?edition=bilingualbrainne0000albe">https://openlibrary.org/works/OL6811401W/The_bilingual_brain?edition=bilingualbrainne0000albe</a>
Link text Online access from the Open Library.
Public note Requires free sign up.
Holdings
Withdrawn status Lost status Damaged status Not for loan Home library Current library Shelving location Date acquired Total checkouts Full call number Barcode Date last seen Price effective from Koha item type
        Riverside Riverside General stacks 22/03/2026   RC425 .A43 BC0010572 22/03/2026 22/03/2026 Books